| Tag |
First Indicator |
Second Indicator |
Subfields |
| LEADER |
00000cam a22000005i 4500 |
| 001 |
in00003727321 |
| 005 |
20210728125630.0 |
| 006 |
m o d |
| 007 |
cr nn 008mamaa |
| 008 |
151128s2011 xxk| o |||| 0|eng d |
| 020 |
|
|
|a 9780230297678
|9 978-0-230-29767-8
|
| 024 |
7 |
|
|a 10.1057/9780230297678
|2 doi
|
| 035 |
|
|
|a (DE-He213)978-0-230-29767-8
|
| 035 |
|
|
|a 5306644
|
| 040 |
|
|
|d UtOrBLW
|
| 072 |
|
7 |
|a BUS036000
|2 bisacsh
|
| 072 |
|
7 |
|a KFFM
|2 bicssc
|
| 082 |
0 |
4 |
|a 332.6
|2 23
|
| 090 |
|
|
|a HG4028.C4
|b P677 2011
|
| 100 |
1 |
|
|a Porras, Eva R.,
|e author.
|0 http://id.loc.gov/authorities/names/no2011038998
|
| 245 |
1 |
4 |
|a The Cost of Capital /
|c by Eva R. Porras.
|
| 264 |
|
1 |
|a London :
|b Palgrave Macmillan UK :
|b Imprint: Palgrave Macmillan,
|c 2011.
|
| 300 |
|
|
|a 1 online resource (XV, 246 pages)
|
| 336 |
|
|
|a text
|b txt
|2 rdacontent
|
| 337 |
|
|
|a computer
|b c
|2 rdamedia
|
| 338 |
|
|
|a online resource
|b cr
|2 rdacarrier
|
| 347 |
|
|
|a text file
|b PDF
|2 rda
|
| 500 |
|
|
|a Electronic resource.
|
| 520 |
|
|
|a The relationship between risk, return and the cost of capital is contextualized by relating it to the needs of investors and borrowers, the historical evidence, and theories of choice and behavior. The text spans financial theory, its empirical tests and applications to real-world financial problems while keeping an entertaining easy-to-read style.
|
| 650 |
1 |
4 |
|a Finance.
|
| 650 |
2 |
4 |
|a Accounting/Auditing.
|
| 650 |
2 |
4 |
|a Business Finance.
|
| 650 |
2 |
4 |
|a Business Strategy/Leadership.
|
| 650 |
2 |
4 |
|a Corporate Finance.
|
| 650 |
2 |
4 |
|a Investments and Securities.
|
| 650 |
2 |
4 |
|a Risk Management.
|
| 650 |
|
0 |
|a Accounting.
|0 http://id.loc.gov/authorities/subjects/sh85000411
|
| 650 |
|
0 |
|a Bookkeeping.
|0 http://id.loc.gov/authorities/subjects/sh85015733
|
| 650 |
|
0 |
|a Business enterprises
|x Finance.
|0 http://id.loc.gov/authorities/subjects/sh85018286
|
| 650 |
|
0 |
|a Corporations
|x Finance.
|0 http://id.loc.gov/authorities/subjects/sh85032938
|
| 650 |
|
0 |
|a Finance.
|0 http://id.loc.gov/authorities/subjects/sh85048256
|
| 650 |
|
0 |
|a Investment banking.
|0 http://id.loc.gov/authorities/subjects/sh85067708
|
| 650 |
|
0 |
|a Leadership.
|0 http://id.loc.gov/authorities/subjects/sh85075480
|
| 650 |
|
0 |
|a Risk management.
|0 http://id.loc.gov/authorities/subjects/sh85114200
|
| 650 |
|
0 |
|a Securities.
|0 http://id.loc.gov/authorities/subjects/sh85119463
|
| 655 |
|
7 |
|a Electronic books.
|2 local
|
| 710 |
2 |
|
|a SpringerLink (Online service)
|0 http://id.loc.gov/authorities/names/no2005046756
|
| 773 |
0 |
|
|t Springer eBooks
|
| 776 |
1 |
8 |
|i Printed edition:
|z 9781349300037
|
| 856 |
4 |
0 |
|u http://proxy.library.tamu.edu/login?url=https://dx.doi.org/10.1057/9780230297678
|z Connect to the full text of this electronic book
|t 0
|
| 999 |
f |
f |
|s 3875f7bb-4728-36b7-a487-40e99d8731cf
|i fc37aade-4ad8-3728-8cbc-017e466fb5e4
|t 0
|
| 952 |
f |
f |
|a Texas A&M University
|b College Station
|c Electronic Resources
|d Available Online
|t 0
|e HG4028.C4 P677 2011
|h Library of Congress classification
|
| 998 |
f |
f |
|a HG4028.C4 P677 2011
|t 0
|l Available Online
|